| 000 | 00579nam a22001817a 4500 | ||
|---|---|---|---|
| 003 | CEME | ||
| 005 | 20210628203403.0 | ||
| 008 | 210118b xxu||||| |||| 00| 0 eng d | ||
| 020 | _a0-471-32622-4 | ||
| 040 | _cceme | ||
| 082 | _a543.85 CHE | ||
| 100 |
_aChen, E.C. M., Chen, E.S.D _965128 |
||
| 245 | _aThe electron capture detector and the study of reactions with thermal electrons | ||
| 260 |
_aNEW JERSEY _bMCGRAW HILL _c2004 |
||
| 300 | _aXVI,400P | ||
| 650 |
_aELECTRON CAPTURE DETECTOR.THERMAL ELECTRONS.GAS CHROMATOGRAPHY.ELECTRONS-CAPTURE _965129 |
||
| 942 |
_cBK _2ddc |
||
| 999 |
_c573436 _d573436 |
||